Gemeinden im Landkreis Kassel - Statistiken

Allgemein
  • Dieses Quiz wurde 54 mal gespielt
  • Das Durchschnittsergebnis liegt bei 16 aus 29
Antwortstatistiken
Antwort % Korrekt
Vellmar
85%
Baunatal
80%
Lohfelden
78%
Wolfhagen
75%
Hofgeismar
68%
Nieste
68%
Calden
65%
Fuldatal
65%
Kaufungen
65%
Zierenberg
65%
Ahnatal
60%
Espenau
58%
Fuldabrück
58%
Grebenstein
55%
Niestetal
55%
Trendelburg
55%
Bad Karlshafen
53%
Habichtswald
50%
Helsa
50%
Immenhausen
50%
Schauenburg
45%
Bad Emstal
43%
Liebenau
38%
Reinhardshagen
38%
Wesertal
38%
Söhrewald
35%
Breuna
33%
Naumburg
33%
Gutsbezirk Reinhardswald
10%
Keine übereinstimmenden Quizze gefunden
Verteilung der Resultate
Anzahl Personen mit jedem Resultat
Perzentil nach korrekt beantworteten Fragen
Ihre Resultats-Entwicklung
Sie haben dieses Quiz noch nicht gespielt